[Event "FSIMA February"]
[Site "Budapest HUN"]
[Date "2001.02.03"]
[Round "1"]
[White "Xu Hanbing"]
[Black "Seres,L"]
[Result "0-1"]
[WhiteElo "2218"]
[BlackElo "2445"]

1.e4 c5 2.Nf3 Nc6 3.Bb5 Qb6 4.Nc3 e6 5.O-O Nge7 6.b3 Nd4 7.Bd3 Nec6 8.Nxd4 cxd4
9.Ne2 Bc5 10.Bb2 Ne5 11.f4 Nxd3 12.cxd3 O-O 13.Qe1 f6 14.Qf2 e5 15.fxe5 fxe5
16.Qh4 Qd8 17.Rxf8+ Qxf8 18.Ng3 Qe7 19.Qxe7 Bxe7 20.Nf5 Bf8 21.a4 b6 22.Kf2 g6
23.Nh4 Bc5 24.Ba3 a5 25.Ke2 d6 26.Kd1 Bg4+ 27.Kc2 Rf8 28.Bxc5 bxc5 29.h3 Be2
30.Rc1 Rf1  0-1

[Event "Belgian Interteams 2000-1"]
[Site "BEL"]
[Date "2001.02.04"]
[Round "8"]
[White "Van Mil,J"]
[Black "Ikonnikov,V"]
[Result "0-1"]
[WhiteElo "2421"]
[BlackElo "2559"]

1.e4 c5 2.Nf3 Nc6 3.Bb5 g6 4.Bxc6 dxc6 5.d3 Bg7 6.h3 b6 7.Nc3 e5 8.Be3 f6
9.Qd2 Be6 10.g4 h6 11.Nh4 Ne7 12.Rg1 Qd7 13.f4 exf4 14.Bxf4 O-O-O 15.O-O-O Bf7
16.Nf3 g5 17.Bh2 Ng6 18.Kb1 Kb7 19.Qe3 Qe7 20.Ne2 Rhe8 21.Ng3 Qe6 22.b3 a5
23.Nf5 Bf8 24.a4 b5 25.axb5 cxb5 26.d4 a4 27.d5 Qxe4 28.Qxe4 Rxe4 29.bxa4 bxa4
30.d6 Nf4 31.Ne1 Kc6  0-1

[Event "It Blind"]
[Site "Linares ESP"]
[Date "2001.02.04"]
[Round "9"]
[White "Bjerring,K"]
[Black "Dukaczewski,P"]
[Result "1/2-1/2"]
[WhiteElo "2311"]
[BlackElo "2337"]

1.e4 c5 2.Nf3 Nc6 3.Bb5 e6 4.O-O Nge7 5.Re1 a6 6.Bf1 d6 7.c3 g6 8.d4 cxd4
9.cxd4 Bg7 10.d5 Ne5 11.Nxe5 dxe5 12.dxe6 Bxe6 13.Nc3 Qxd1 14.Rxd1 Rf8  1/2-1/2

[Event "ch-ROM"]
[Site "Baile Tusnad ROM"]
[Date "2001.02.06"]
[Round "2"]
[White "Nanu,C"]
[Black "Spulber,C"]
[Result "1-0"]
[WhiteElo "2418"]
[BlackElo "2380"]

1.e4 c5 2.Nf3 Nc6 3.Bb5 g6 4.O-O Bg7 5.Bxc6 dxc6 6.d3 e5 7.Be3 b6 8.a4 Bg4
9.a5 Nf6 10.b4 cxb4 11.axb6 axb6 12.Bxb6 Qc8 13.Nbd2 Nd7 14.Be3 O-O 15.h3 Rxa1
16.Qxa1 Bxf3 17.Nxf3 Qb7 18.Qb2 c5 19.Ra1 Ra8 20.Ra2 h6 21.Qa1 Rxa2 22.Qxa2 Bf8
23.Nd2 Nb8 24.f3 Kg7 25.Nc4 Nc6 26.Qa1 f6 27.Qa4 Be7 28.Nd2 Nd8 29.Qe8 g5
30.Nb3 Qc7 31.Kh1 Ne6 32.Nd2 Qd8 33.Qc6 Qd6 34.Qc8 Kf7 35.Nf1 Qd8 36.Qa6 h5
37.Ng3 Ng7 38.Qc4+ Kg6 39.Nf1 Qc8 40.g4 h4 41.Nd2 Qe6 42.Qd5 Qa6 43.Kg2 Qa1
44.Qc4 Qe1 45.Nf1 Qc3 46.Qd5 Qxc2+ 47.Bf2 Qa4 48.Ne3 Qa6 49.Qg8 Qe6 50.Qb8 Qd7
51.Qg8 Qe8 52.Qc4 Qf7 53.Nd5 Ne6 54.Be3 Bf8 55.Qb5 Nc7 56.Qc6 Nxd5 57.exd5 Qe7
58.Kf2 Qd6 59.Ke2 Kf7 60.Qb7+ Qe7 61.Qc6 Qd6 62.Qb7+ Qe7 63.Qc8 Qd6 64.Qb7+ Qe7
65.Qc8 Qd6 66.Qb7+ Qe7 67.Qb6 Qd6 68.Qa7+ Kg6 69.Qb7 e4 70.dxe4 c4 71.Qc8 b3
72.Kd1 b2 73.Kc2 Qb4 74.Kb1 Qa3 75.Qf5+ Kg7 76.Qd7+ Kh8 77.Qa7  1-0

[Event "ch-ROM"]
[Site "Baile Tusnad ROM"]
[Date "2001.02.08"]
[Round "4"]
[White "Moldovan,D"]
[Black "Cosma,I"]
[Result "1-0"]
[WhiteElo "2432"]
[BlackElo "2468"]

1.e4 c5 2.Nf3 Nc6 3.Bb5 g6 4.Bxc6 dxc6 5.d3 Bg4 6.Nbd2 Bg7 7.h3 Bxf3 8.Nxf3 Nf6
9.O-O O-O 10.Re1 Ne8 11.e5 Nc7 12.Be3 Ne6 13.Qd2 b6 14.Bh6 Nd4 15.Nxd4 Qxd4
16.Bxg7 Kxg7 17.Qc1 c4 18.Re4 Qd5 19.Rxc4 Qxe5 20.Rxc6 Rac8 21.Rxc8 Rxc8
22.c4 b5 23.Qc2 b4 24.Qd2 a5 25.d4 Qf6 26.b3 h5 27.Re1 e6 28.Re5 Rd8 29.Qe3 Kh7
30.g3 Rd7 31.Qe4 Kg8 32.Kg2 Ra7 33.Qf3 Qd8 34.d5 exd5 35.Qxd5 Qc8 36.Qd4 Qb7+
37.Kg1 Ra8 38.Rd5 Qc8 39.Rd7 Qe8 40.Qd5 Rc8 41.Kg2 Kg7 42.Ra7 a4 43.Qd4+ Kg8
44.Rxa4 h4 45.Qe3 Qf8 46.g4 Re8 47.Qf3 Kg7 48.Ra6 Qe7 49.Rb6 Rd8 50.Rb7 Qf8
51.Qf4 Qe8 52.Rb5 Qc6+ 53.Qf3  1-0

[Event "ch-ROM"]
[Site "Baile Tusnad ROM"]
[Date "2001.02.10"]
[Round "6"]
[White "Sofronie,I"]
[Black "Cosma,I"]
[Result "1-0"]
[WhiteElo "2399"]
[BlackElo "2468"]

1.e4 c5 2.Nf3 Nc6 3.Bb5 g6 4.O-O Bg7 5.Re1 Nf6 6.d4 cxd4 7.e5 Nd5 8.Bxc6 dxc6
9.Qxd4 h6 10.Na3 Be6 11.Bd2 b6 12.c4 c5 13.Qh4 Nc7 14.Rad1 Qc8 15.Bc3 Qb7
16.Nc2 b5 17.b3 b4 18.Bb2 a5 19.Ne3 a4 20.Rd2 a3 21.Ba1 Na6 22.Nd5 Bxd5 23.cxd5 O-O-O
24.Qc4 Kb8 25.Red1 Ka7 26.h4 Rc8 27.d6 exd6 28.exd6 Bxa1 29.Rxa1 f6 30.Re1 Rh7
31.Re6 Nb8 32.Rxf6 Nd7 33.Rxg6 Qa6 34.Qe4 Qb7 35.Qc2 Rf7 36.Re2 Qd5 37.Re7 c4
38.bxc4 Rxc4 39.Qa4+ Kb6 40.Qxd7  1-0

[Event "FSIMA February"]
[Site "Budapest HUN"]
[Date "2001.02.10"]
[Round "7"]
[White "Sendur,A"]
[Black "Seres,L"]
[Result "0-1"]
[WhiteElo "2303"]
[BlackElo "2445"]

1.e4 c5 2.Nf3 Nc6 3.Bb5 Qb6 4.Nc3 e6 5.Bxc6 Qxc6 6.d4 cxd4 7.Nxd4 Qc7 8.O-O a6
9.a4 Nf6 10.Qe2 d6 11.a5 Be7 12.Nb3 Bd7 13.Be3 Rc8 14.Bb6 Qc4 15.Qe3 e5 16.Rfd1 O-O
17.Rd3 Bc6 18.f3 Qe6 19.Rad1 Nh5 20.R3d2 h6 21.Qe1 Qg6 22.Nc1 f5 23.Nd3 fxe4
24.Nxe4 Rxf3 25.Ndf2 Rxf2  0-1

[Event "TCh-FIN 00-01"]
[Site "FIN"]
[Date "2001.02.10"]
[Round "7"]
[White "Pulkkinen,K"]
[Black "Nyback,T"]
[Result "1/2-1/2"]
[WhiteElo "2318"]
[BlackElo "2211"]

1.e4 c5 2.Nf3 Nc6 3.Bb5 e6 4.O-O Nge7 5.Re1 a6 6.Bxc6 Nxc6 7.d4 cxd4 8.Nxd4 d6
9.Nc3 Be7 10.Nxc6 bxc6 11.Qg4 Kf8 12.e5 d5 13.Be3 c5 14.Rad1 Bd7 15.Ne2 Rb8
16.b3 h5 17.Qf3 g6 18.Nf4 Kg7 19.Nd3 Qc7 20.c4 d4 21.Bd2 Bc6 22.Qg3 h4 23.Qg4 h3
24.Nf4 Qb7 25.Nxh3 Rh4 26.Qg3 Rbh8 27.Bg5 Bxg5 28.Qxg5 Bxg2 29.Qf6+ Kg8 30.Qd8+  1/2-1/2

[Event "TCh-SVK"]
[Site "SVK"]
[Date "2001.02.10"]
[Round "8"]
[White "Zetocha,C"]
[Black "Czebe,A"]
[Result "1-0"]
[WhiteElo "2390"]
[BlackElo "2520"]

1.e4 c5 2.Nf3 Nc6 3.Bb5 e6 4.Bxc6 bxc6 5.b3 Ne7 6.d3 Ng6 7.Bb2 f6 8.Nbd2 Be7
9.Nf1 O-O 10.Ng3 Nf4 11.O-O e5 12.Bc1 d6 13.d4 Ne6 14.d5 cxd5 15.Qxd5 Rb8
16.Rd1 Qd7 17.c3 Kh8 18.Nh4 g6 19.Bh6 Rd8 20.Qd2 Bb7 21.Qe2 Nf4 22.Qe3 f5
23.Nf3 fxe4 24.Nxe5 Qe6 25.Bxf4 dxe5 26.Bg5 Rd3 27.Rxd3 Bxg5 28.Rd6 Qxd6
29.Qxg5 Rf8 30.Nf1 Kg7 31.Ne3 h6 32.Qg4 Qd2 33.Qg3 Bc8 34.Qxe5+ Kh7 35.Qc7+ Kg8
36.Qg3 Kh7 37.Qc7+ Kg8 38.Qg3 Kh7 39.Nc4 Qd7 40.h3 Rf5 41.Re1 Rg5 42.Qd6 Qxd6
43.Nxd6 Bxh3 44.g3 Bd7 45.Nxe4 Rf5 46.Nd6  1-0

[Event "1st Open de L'Estuaire"]
[Site "Trignac FRA"]
[Date "2001.02.11"]
[Round "2"]
[White "Belkhodja,S"]
[Black "Sorin,Ma"]
[Result "0-1"]
[WhiteElo "2471"]
[BlackElo "2262"]

1.e4 c5 2.Nf3 Nc6 3.Bb5 e6 4.O-O Nge7 5.Re1 Nd4 6.Nxd4 cxd4 7.c3 a6 8.Bf1 Nc6
9.d3 Bc5 10.Nd2 O-O 11.e5 f6 12.Ne4 Be7 13.exf6 Bxf6 14.c4 d5 15.cxd5 exd5
16.Ng3 Bh4 17.Bd2 Qf6 18.f4 Qg6 19.Qf3 Be6 20.Be2 Rae8 21.Bd1 Kh8 22.Ba4 Rd8
23.Bxc6 bxc6 24.Bb4 Rf7 25.Re5 Bg4 26.Qf1 Bf6 27.Ree1 Bg5 28.Bd2 Rdf8 29.Qf2 Bxf4
30.Bxf4 Rxf4 31.Qc2 h5 32.Rf1 Rxf1+ 33.Rxf1 Rxf1+ 34.Kxf1 Qf6+ 35.Qf2 h4
36.Qxf6 gxf6 37.Nh1 c5 38.Nf2 Bf5 39.Ke2 c4 40.b3 c3 41.Kd1 Kg7 42.g3 Kh6
43.Kc2 Kg5 44.a4 a5 45.Nh1 Bg4 46.Nf2 Bd7 47.Kd1 f5 48.Nh3+ Kg4 49.Nf4 hxg3
50.hxg3 Kxg3 51.Ne2+ Kf3 52.Nxd4+ Ke3  0-1

[Event "12th Goodricke Open"]
[Site "Calcutta IND"]
[Date "2001.02.12"]
[Round "7"]
[White "Khamatgaleev,A"]
[Black "Sanjay,N"]
[Result "1-0"]
[WhiteElo "2412"]
[BlackElo "2364"]

1.e4 c5 2.Nf3 Nc6 3.Bb5 g6 4.O-O Bg7 5.Re1 e5 6.Bxc6 dxc6 7.d3 Bg4 8.Be3 Qe7
9.Nbd2 Nf6 10.Nc4 Nd7 11.a3 O-O 12.b4 b6 13.Bd2 f5 14.exf5 gxf5 15.Bc3 e4
16.Qd2 b5 17.Na5 Bxf3 18.gxf3 Ne5 19.Bxe5 Qxe5 20.Kh1 Qc3 21.Qg5 cxb4 22.axb4 Kh8
23.Rab1 exd3 24.cxd3 Qxd3 25.Qh5 Qd6 26.Rbd1 Qg6 27.Qxg6 hxg6 28.Nxc6 Rf6
29.Ne5 a5 30.bxa5 Rxa5 31.Rd8+ Kh7 32.f4 Ra4 33.Re3 Rf8 34.Rd7 Ra6 35.Rc3 Kg8
36.Rcc7 Bxe5 37.fxe5 Re8 38.Rg7+ Kh8 39.Rh7+ Kg8 40.Rcg7+ Kf8 41.Rb7 Kg8
42.Rhg7+ Kh8 43.Rgd7 f4 44.Rxb5 Rae6 45.Rdd5 f3 46.h3 Kg7 47.Kh2 Kh6 48.Kg3 Kg5
49.Kxf3 Kf5 50.Kg3 Rxe5 51.Rxe5+ Rxe5 52.Rxe5+ Kxe5 53.Kg4 Kf6 54.h4 Kf7
55.Kg5 Kg7 56.h5 gxh5 57.Kxh5 Kf6 58.Kg4 Kg6 59.Kf4 Kf6 60.f3  1-0

[Event "Chess Circuit IM"]
[Site "Helsinki FIN"]
[Date "2001.02.13"]
[Round "2"]
[White "Sarakauskas,G"]
[Black "Nyback,T"]
[Result "0-1"]
[WhiteElo "2408"]
[BlackElo "2211"]

1.e4 c5 2.Nf3 Nc6 3.Bb5 e6 4.Bxc6 bxc6 5.O-O d5 6.d3 Nf6 7.Nbd2 Be7 8.b3 O-O
9.Re1 Ba6 10.c4 Nd7 11.Nf1 Re8 12.Ng3 Bf8 13.e5 f5 14.exf6 Qxf6 15.Bg5 Qf7
16.Bd2 Bd6 17.Nh4 Rf8 18.Rf1 Ne5 19.Bc3 Qf4 20.Qh5 Nxd3 21.Nf3 g6 22.Qh3 Rae8
23.Rad1 Ne5 24.Bxe5 Bxe5 25.Rfe1 Bg7 26.cxd5 cxd5 27.Nf1 e5 28.Ne3 d4 29.Nd5 Qf7
30.Ng5 Qxf2+ 31.Kh1 h6 32.Ne6 Bc8 33.Ndc7 Re7 34.Qg4 Rxc7 35.Qxg6 Bxe6 36.Qxe6+ Qf7  0-1

[Event "ch-ROM"]
[Site "Baile Tusnad ROM"]
[Date "2001.02.15"]
[Round "10"]
[White "Nanu,C"]
[Black "Moraru,M"]
[Result "0-1"]
[WhiteElo "2418"]
[BlackElo "2297"]

1.e4 c5 2.Nf3 Nc6 3.Bb5 g6 4.Bxc6 bxc6 5.O-O Bg7 6.e5 f6 7.exf6 Nxf6 8.Nc3 O-O
9.Qe2 d5 10.h3 Nh5 11.d3 e5 12.Re1 Rf5 13.Nd1 Qf8 14.c4 d4 15.b3 Bd7 16.Ng5 Bh6
17.Ne4 Bxc1 18.Rxc1 Nf4 19.Qd2 Qh6 20.f3 Raf8 21.Ndf2 Qh4 22.Rc2 Nxg2 23.Kxg2 Rxf3
24.Rh1 R8f4 25.Qa5 Bf5 26.Qc7 Bxe4 27.Nxe4 Rxe4  0-1

[Event "ch-ROM"]
[Site "Baile Tusnad ROM"]
[Date "2001.02.15"]
[Round "10"]
[White "Sofronie,I"]
[Black "Moldovan,D"]
[Result "1/2-1/2"]
[WhiteElo "2399"]
[BlackElo "2432"]

1.e4 c5 2.Nf3 Nc6 3.Bb5 d6 4.O-O Bd7 5.Re1 a6 6.Bxc6 Bxc6 7.d4 cxd4 8.Nxd4 Nf6
9.Nxc6 bxc6 10.Bg5 e6 11.c4 Be7 12.Nc3 O-O 13.Qd2 Qb8 14.Rad1 Rd8 15.b3  1/2-1/2

[Event "12th Goodricke Open"]
[Site "Calcutta IND"]
[Date "2001.02.15"]
[Round "10"]
[White "Satyapragyan,S"]
[Black "Sareen,V"]
[Result "1-0"]
[WhiteElo "2376"]
[BlackElo "2343"]

1.e4 c5 2.Nf3 Nc6 3.Bb5 e6 4.Bxc6 bxc6 5.d3 Ne7 6.O-O Ng6 7.Ng5 h6 8.Nh3 d5
9.f4 dxe4 10.dxe4 Qd4+ 11.Nf2 Ba6 12.Re1 Qxd1 13.Rxd1 Rd8 14.Rxd8+ Kxd8 15.Be3 Kc7
16.Nd2 c4 17.b3 Ba3 18.Nxc4 Bxc4 19.bxc4 Rb8 20.Nd3 a6 21.Rf1 Ne7 22.f5 exf5
23.exf5 f6 24.c5 Nd5 25.Bd2 Re8 26.Ba5+ Kc8 27.Rb1 Re2 28.Rb3 Ne3 29.Nf4 Rxc2
30.Rxa3 Ng4 31.Nd3  1-0

[Event "12th Goodricke Open"]
[Site "Calcutta IND"]
[Date "2001.02.16"]
[Round "11"]
[White "Khamatgaleev,A"]
[Black "Murugan,K"]
[Result "1/2-1/2"]
[WhiteElo "2412"]
[BlackElo "2390"]

1.e4 c5 2.Nf3 Nc6 3.Bb5 e6 4.O-O Nge7 5.Re1 a6 6.Bxc6 Nxc6 7.d4 cxd4 8.Nxd4 d6
9.Nc3 Be7 10.Nxc6 bxc6 11.Qg4 Kf8 12.e5 d5 13.Ne2 h5 14.Qg3 h4 15.Qg4 h3
16.g3 c5 17.c4  1/2-1/2

[Event "ch-ROM"]
[Site "Baile Tusnad ROM"]
[Date "2001.02.17"]
[Round "12"]
[White "Lupulescu,C"]
[Black "Moraru,M"]
[Result "1-0"]
[WhiteElo "2348"]
[BlackElo "2297"]

1.e4 c5 2.Nf3 Nc6 3.Bb5 g6 4.O-O Bg7 5.c3 e5 6.d3 Nge7 7.Be3 d6 8.d4 cxd4
9.cxd4 a6 10.Bxc6+ Nxc6 11.d5 Ne7 12.Nfd2 O-O 13.Nc3 b5 14.b4 f5 15.f3 f4
16.Bf2 g5 17.a4 Bd7 18.axb5 axb5 19.Qe2 g4 20.fxg4 Rxa1 21.Rxa1 Qc8 22.Nxb5 Bxb5
23.Qxb5 Qc2 24.Qe2 Nxd5 25.exd5 e4 26.Rf1 e3 27.Bxe3 fxe3 28.Rxf8+ Kxf8 29.Qf3+ Kg8
30.Qxe3 Bc3 31.Nf3 Bxb4 32.Qg5+ Kh8 33.h4  1-0

[Event "Masters"]
[Site "Bunratty IRL"]
[Date "2001.02.17"]
[Round "3"]
[White "Parker,J"]
[Black "Dishman,S"]
[Result "1/2-1/2"]
[WhiteElo "2545"]
[BlackElo "2364"]

1.e4 c5 2.Nf3 Nc6 3.Bb5 g6 4.Bxc6 dxc6 5.h3 Bg7 6.d3 Nf6 7.Nc3 Nd7 8.Be3 e5
9.Qd2 h6 10.Nh2 Qe7 11.O-O Nf8 12.f4 exf4 13.Rxf4 Be6 14.a3 Nd7 15.Rff1 Ne5
16.Nf3 g5 17.Nxe5 Bxe5 18.Qf2 b6 19.d4 cxd4 20.Bxd4 Bc4 21.Rfd1 O-O 22.a4 Rad8
23.a5 c5 24.Bxe5 Qxe5 25.axb6 axb6 26.Qf5 Qe7 27.Nd5 Bxd5 28.exd5 Rd6 29.Re1 Qf6
30.Qxf6 Rxf6 31.Ra6 c4 32.Rd1 Rd8 33.Ra4 Rf4 34.d6 Rf6 35.d7 Rc6 36.Ra7 Kf8
37.Rb7 Ke7 38.Kf2 h5 39.Rd4 Ke6 40.g4  1/2-1/2

[Event "It"]
[Site "Tel Aviv ISR"]
[Date "2001.02.21"]
[Round "2"]
[White "Kovalev,A"]
[Black "Greenfeld,A"]
[Result "1/2-1/2"]
[WhiteElo "2544"]
[BlackElo "2570"]

1.e4 c5 2.Nf3 Nc6 3.Bb5 e6 4.O-O Nge7 5.Re1 a6 6.Bxc6 Nxc6 7.d4 cxd4 8.Nxd4 Qc7
9.Nxc6 Qxc6 10.b3 b5 11.a4 Bb7 12.axb5 axb5 13.Rxa8+ Bxa8 14.Bb2 Bb4 15.Re3 Bc5
16.Rg3 Qxe4 17.Rxg7 h5 18.Rg3 Bd6 19.Nd2 Qd5 20.c4 bxc4 21.bxc4 Qb7 22.Bxh8 Bxg3
23.Nf3 Bf4 24.Qa1 Qb8 25.Be5 Bxe5 26.Nxe5 f6 27.Nd3 Be4 28.Qd1 Ke7 29.f3 Bf5
30.Nf2 Qf4 31.g4 hxg4 32.fxg4 Be4 33.Nxe4 Qxe4 34.c5 Qe3+ 35.Kg2 Qxc5 36.h4 Qc6+
37.Kh3 Qc3+ 38.Kg2 Qc6+ 39.Kh3 Qc3+ 40.Kg2 Qe3 41.Qc2 Qf4 42.Qh7+ Kd6 43.Qd3+ Ke7
44.Qh7+ Kd6 45.Qd3+ Kc7 46.h5 e5  1/2-1/2

[Event "It"]
[Site "Tel Aviv ISR"]
[Date "2001.02.22"]
[Round "3"]
[White "Van Mil,J"]
[Black "Botvinnik,Il"]
[Result "0-1"]
[WhiteElo "2421"]
[BlackElo "2434"]

1.e4 c5 2.Nf3 Nc6 3.Bb5 e6 4.b3 Nge7 5.Bb2 Ng6 6.h4 h5 7.g3 f6 8.O-O Kf7
9.Be2 Nge7 10.d4 cxd4 11.Nxd4 Nxd4 12.Bxd4 g6 13.Nd2 Nc6 14.Bb2 Bc5 15.Nf3 Qc7
16.Kh2 b6 17.Bd3 Bb7 18.Ng5+ Ke7 19.Bxf6+ Kxf6 20.Qf3+ Kg7 21.Qf7+ Kh6 22.Nxe6 Qe5
23.Nxc5 Rh7 24.Qf3 Qxc5 25.e5 Rf8 26.Qe4 Nxe5 27.Qxb7 d5  0-1

[Event "8th Metalis Open"]
[Site "Bizovac CRO"]
[Date "2001.02.23"]
[Round "4"]
[White "Licina,Z"]
[Black "Kuljasevic,D"]
[Result "0-1"]
[WhiteElo "2293"]
[BlackElo "2181"]

1.e4 c5 2.Nf3 Nc6 3.Bb5 e6 4.O-O Nge7 5.Re1 Ng6 6.c3 d5 7.Qa4 a6 8.exd5 Qxd5
9.d4 cxd4 10.Nxd4 Bd7 11.Nxc6 bxc6 12.Bf1 c5 13.Qb3 Be7 14.Na3 O-O 15.Nc4 Rab8
16.Qc2 Bb5 17.b3 Qd8 18.Be3 Qc7 19.Rad1 Rbd8 20.a4 Bc6 21.f3 Bb7 22.Bf2 Bg5
23.Bd3 Bf4 24.g3 Bh6 25.Be4 Bd5 26.Ne3 Bxe3 27.Bxe3 Qc6 28.Bxd5 exd5 29.Qf2 Ne5
30.Kg2 Nd7 31.b4 cxb4 32.cxb4 Nf6 33.Bc5 Rfe8 34.Be7 Ne4 35.fxe4 Rxe7 36.exd5  0-1

[Event "Open"]
[Site "Cappelle la Grande FRA"]
[Date "2001.02.25"]
[Round "3"]
[White "Poluljahov,A"]
[Black "Holmsten,A"]
[Result "1-0"]
[WhiteElo "2525"]
[BlackElo "2435"]

1.e4 c5 2.Nf3 Nc6 3.Bb5 g6 4.O-O Bg7 5.Re1 Nf6 6.c3 O-O 7.h3 Ne8 8.d4 cxd4
9.cxd4 Qb6 10.Bxc6 bxc6 11.Nc3 Nc7 12.Re2 d5 13.e5 Ne6 14.b3 Re8 15.Na4 Qb8
16.Ng5 Nxg5 17.Bxg5 Ba6 18.Re1 f6 19.Bf4 g5 20.Bh2 f5 21.Nc5 Qb6 22.Qh5 h6
23.h4  1-0

[Event "Open"]
[Site "Cappelle la Grande FRA"]
[Date "2001.02.26"]
[Round "4"]
[White "Sulskis,S"]
[Black "Degraeve,JM"]
[Result "1-0"]
[WhiteElo "2501"]
[BlackElo "2589"]

1.e4 c5 2.Nf3 Nc6 3.Bb5 d6 4.c3 Nf6 5.e5 dxe5 6.Nxe5 Qd5 7.Nxc6 Bd7 8.Qf3 Qxf3
9.gxf3 Bxc6 10.Bxc6+ bxc6 11.d3 e6 12.Nd2 Nd7 13.Nc4 Nb6 14.Na5 Kd7 15.Be3 Rb8
16.O-O-O Bd6 17.d4 c4 18.Kc2 h5 19.h4 Kc7 20.Ra1 Rhe8 21.b3 cxb3+ 22.axb3 e5
23.Nc4 Nxc4 24.bxc4 exd4 25.cxd4 Rb7 26.Ra6 g6 27.c5 Bg3 28.Kc3 Kd7 29.f4 Bxf2
30.Bxf2 Re2 31.d5  1-0

[Event "IV Open"]
[Site "Malaga ESP"]
[Date "2001.02.27"]
[Round "5"]
[White "Cobo Prados,N"]
[Black "Alonso,S"]
[Result "0-1"]
[WhiteElo "2140"]
[BlackElo "2429"]

1.e4 c5 2.Nf3 Nc6 3.Bb5 e6 4.O-O Nge7 5.c3 a6 6.Bxc6 Nxc6 7.d4 d5 8.exd5 Qxd5
9.dxc5 Qxd1 10.Rxd1 Bxc5 11.Nbd2 e5 12.Ne4 Be7 13.Be3 Bg4 14.Bb6 O-O 15.Nd6 f6
16.Rd2 a5 17.h3 Bxf3 18.gxf3 Ra6 19.Bc5 Nd4 20.cxd4 Bxd6 21.Rad1 Re8 22.Bxd6 Rxd6
23.dxe5 Rxd2 24.Rxd2 Rxe5 25.Rd8+ Kf7 26.Rd7+ Re7 27.Rd5 b6 28.Kg2 Ke6 29.Rb5 Rb7
30.Kg3 Kd6 31.a4 Kc6 32.Rb3 Kc5 33.Rb5+ Kc6 34.Rb3 Rd7 35.Rc3+ Kb7 36.f4 b5
37.Rc5 Rd3+ 38.f3 Rb3 39.Rxb5+ Rxb5 40.axb5 Kb6 41.Kf2 Kxb5 42.Ke2 Kc4 43.Kd2 g5
44.fxg5 fxg5 45.Kc2 a4 46.Kb1 Kd3 47.Ka2 Ke3 48.Ka3 Kxf3 49.Kxa4 h5 50.b4 g4
51.hxg4 hxg4  0-1

[Event "Open"]
[Site "Cappelle la Grande FRA"]
[Date "2001.02.28"]
[Round "6"]
[White "Bouton,C"]
[Black "Shaw,J"]
[Result "0-1"]
[WhiteElo "2173"]
[BlackElo "2454"]

1.e4 c5 2.Nf3 Nc6 3.Bb5 g6 4.O-O Bg7 5.c3 Nf6 6.Re1 O-O 7.d4 d5 8.e5 Ne4
9.Nbd2 cxd4 10.cxd4 Qb6 11.Bxc6 Qxc6 12.Nxe4 dxe4 13.Ng5 Rd8 14.Qb3 Qd5 15.Qxd5 Rxd5
16.Be3 Bf5 17.g4 Bxg4 18.Nxe4 f6 19.Nc3 Rd7 20.Kg2 fxe5 21.dxe5 Bxe5 22.Bc5 Bf6
23.h3 Bf5 24.Rad1 Rxd1 25.Rxd1 b6 26.Be3 Kf7 27.Rd2 Rc8 28.Bd4 Rd8 29.Be3 Rxd2
30.Bxd2 Bd7 31.Bc1 Bc6+ 32.f3 Ke6 33.Be3 Kf5 34.Kg3 Be5+ 35.Kf2 g5 36.Nd1 Bc7
37.Nc3 h5 38.Ne2 e5 39.Ng3+ Kg6 40.Ne4 g4 41.hxg4 hxg4 42.Nd2 gxf3 43.Nxf3 Kf5
44.Nd2 Bd5 45.b3 Bd6 46.Ke2 e4 47.Bd4 Bf7 48.Kf2 Be7 49.Nf1 Kf4 50.Ne3 Bh4+
51.Ke2 Bh5+ 52.Kd2 Kf3 53.Nf5 Bg5+ 54.Be3 Bxe3+ 55.Nxe3 Bf7 56.Nc2 Kf2 57.Ne3 Be6
58.Nd1+ Kf3 59.Ne3 a5 60.Nc2 Kf2 61.Ne3 b5 62.Nd1+ Kf3 63.Ne3 b4 64.Nc2 Kf2
65.Ne3 Bd7 66.Nd1+ Kf3 67.Ne3 Bb5 68.Nc2 Kf2 69.Ne3 Be2 70.Nc2 Bd3 71.Ne3 Bb1
72.Ng4+ Kg3 73.Ne5 Bxa2 74.Kc2 e3 75.Kb2 e2 76.Nd3 Bxb3 77.Kxb3 Kg2  0-1

[Event "IV Open"]
[Site "Malaga ESP"]
[Date "2001.03.01"]
[Round "7"]
[White "Perez,Rod"]
[Black "Rubio Doblas,F"]
[Result "1-0"]
[WhiteElo "2492"]
[BlackElo "2051"]

1.e4 c5 2.Nf3 Nc6 3.Bb5 g6 4.O-O Bg7 5.Re1 e5 6.Bxc6 dxc6 7.h3 Qe7 8.d3 Nf6
9.Nbd2 O-O 10.Nc4 Ne8 11.Be3 b6 12.a4 Nd6 13.b3 Rd8 14.Qc1 f6 15.Bh6 Be6
16.Bxg7 Kxg7 17.Ne3 h5 18.Qb2 Qf7 19.a5 b5 20.Qc3 c4 21.b4 Rac8 22.Nf1 c5
23.bxc5 Nb7 24.d4 exd4 25.Nxd4 Rxc5 26.a6 Nd6 27.Rad1 Bc8 28.Qg3 Rg5 29.Qa3 Qc7
30.Nf3 Rc5 31.Ne3 Be6 32.e5 fxe5 33.Ng5 Bg8 34.Nd5 b4 35.Nxc7 bxa3 36.Nce6+  1-0

[Event "IV Open"]
[Site "Malaga ESP"]
[Date "2001.03.02"]
[Round "8"]
[White "Leskovar,Mar"]
[Black "Kurajica,B"]
[Result "0-1"]
[WhiteElo "2379"]
[BlackElo "2567"]

1.e4 c5 2.Nf3 Nc6 3.Bb5 e6 4.O-O Nge7 5.Nc3 a6 6.Bxc6 Nxc6 7.d4 cxd4 8.Nxd4 d6
9.Nde2 Be7 10.Bf4 b5 11.a3 O-O 12.Qd2 Ne5 13.Rfd1 Bb7 14.b3 Rc8 15.Qe3 Qc7
16.Bg5 Bxg5 17.Qxg5 Qb6 18.Kh1 f5 19.Qe7 Nf7 20.Qxe6 fxe4 21.Nd5 Bxd5 22.Qxd5 Rfe8
23.Rd4  0-1

[Event "FSIMA March"]
[Site "Budapest HUN"]
[Date "2001.03.06"]
[Round "3"]
[White "Sendur,A"]
[Black "Dembo,Y"]
[Result "1/2-1/2"]
[WhiteElo "2303"]
[BlackElo "2342"]

1.e4 c5 2.Nf3 Nc6 3.Bb5 g6 4.Bxc6 dxc6 5.h3 Bg7 6.d3 e5 7.Be3 Qe7 8.O-O Nf6
9.a4 O-O 10.a5 Nh5 11.Qd2 Nf4 12.Re1 Ne6 13.Ra4 Rd8 14.Nh2 Bd7 15.Na3 b5
16.axb6 axb6 17.Rxa8 Rxa8 18.c3 b5 19.Nf3 Qd6 20.Rd1 Rd8 21.Nc2 Qc7 22.b4 cxb4
23.cxb4 f5 24.exf5 gxf5 25.Bh6 Bf6 26.Qc3 Re8 27.Re1 Nd8 28.Bc1 Nf7 29.Bb2 Qd6
30.Ne3 Bh8 31.Qb3 Be6 32.Qa3 Rd8 33.Rc1 f4 34.Nf1 Bd5 35.N1d2 Qg6 36.Ne4 Bxe4
37.dxe4 Qxe4 38.Qa5 Qd5 39.Qc7 e4 40.Bxh8 Kxh8 41.Nd4 Qxd4 42.Qxf7 Qd6 43.Ra1 Rf8
44.Qh5 Qe7 45.Re1 Qe6 46.Qf3 exf3 47.Rxe6 Rg8 48.g4 fxg3 49.Rxc6 gxf2+ 50.Kxf2 Rg2+
51.Kxf3 Rb2 52.Kg4 Rxb4+ 53.Kg5 Rc4 54.Rb6 b4 55.Kf6 Rf4+ 56.Kg5 Rd4 57.Kf6  1/2-1/2

[Event "Czech Extra League 2000-1"]
[Site "CZE"]
[Date "2001.03.18"]
[Round "9"]
[White "Chytilek,R"]
[Black "Klima,L"]
[Result "1-0"]
[WhiteElo "2399"]
[BlackElo "2282"]

1.e4 c5 2.Nf3 Nc6 3.Bb5 g6 4.O-O Bg7 5.c3 Nf6 6.Re1 O-O 7.d4 cxd4 8.cxd4 d5
9.e5 Ne4 10.Bxc6 bxc6 11.Nbd2 c5 12.dxc5 Nxc5 13.Nb3 Nxb3 14.Qxb3 a5 15.Bg5 h6
16.Bh4 Be6 17.Nd4 Qd7 18.Qa3 g5 19.Bg3 Rfc8 20.Rac1 Rxc1 21.Rxc1 Rc8 22.b3 h5
23.h3 h4 24.Bh2 Bf5 25.Rc5 f6 26.Qxa5 fxe5 27.Nxf5 Rxc5 28.Qxc5 Qxf5 29.Qxd5+ e6
30.Qd8+ Bf8 31.Kh1 Qxf2 32.Qxg5+ Bg7 33.Qd8+ Kh7 34.Qd3+ Kg8 35.a4 Qe1+ 36.Bg1 e4
37.Qe3 Qb1 38.a5 Qd3 39.b4 Bc3 40.Qc5 Bd2 41.Qc8+ Kf7 42.a6 Be3 43.Qc7+ Kg6
44.Bxe3 Qxe3 45.a7 Qa3 46.Qb8  1-0

[Event "Czech Extra League 2000-1"]
[Site "CZE"]
[Date "2001.03.18"]
[Round "9"]
[White "Suran,J"]
[Black "Jakubiec,A"]
[Result "0-1"]
[WhiteElo "2352"]
[BlackElo "2501"]

1.e4 c5 2.Nf3 Nc6 3.Bb5 g6 4.O-O Bg7 5.Re1 e5 6.Bxc6 dxc6 7.d3 Qe7 8.a3 a5
9.Nbd2 Be6 10.a4 Qc7 11.Nc4 Rd8 12.Qe2 Ne7 13.Ng5 Bc8 14.Be3 h6 15.Nf3 b6
16.b4 b5 17.axb5 cxb5 18.Nxa5 cxb4 19.Nb3 Nc6 20.Bc5 Bg4 21.h3 Bxf3 22.Qxf3 Nd4
23.Bxd4 exd4 24.Qe2 O-O 25.Ra5 Qc6 26.Qd2 Rfe8 27.Rea1 Re6 28.Qxb4 Qxc2 29.Qxb5 Re5
30.Qb6 Ree8 31.Nc5 Rb8 32.Qa7 Rec8 33.Nd7 Rb2 34.Rf1 Qxd3 35.e5 Qxf1+  0-1

[Event "It"]
[Site "Evry FRA"]
[Date "2001.03.18"]
[Round "4"]
[White "Marcelin,C"]
[Black "Pira,D"]
[Result "1-0"]
[WhiteElo "2424"]
[BlackElo "2449"]

1.e4 c5 2.Nf3 Nc6 3.Bb5 d6 4.c3 a6 5.Bxc6+ bxc6 6.O-O Nf6 7.Re1 Bg4 8.d4 d5
9.Qa4 Bd7 10.e5 Ne4 11.Nbd2 Nxd2 12.Bxd2 cxd4 13.e6 fxe6 14.Qxd4 c5 15.Qxc5 Rc8
16.Qe3 Rc4 17.Ne5 Re4 18.Qf3 Rxe1+ 19.Rxe1 Qb6 20.Qh5+  1-0

[Event "Tch-AUT 2000-01"]
[Site "Fuerstenfeld AUT"]
[Date "2001.03.18"]
[Round "11"]
[White "Rabiega,R"]
[Black "Nataf,IA"]
[Result "1/2-1/2"]
[WhiteElo "2517"]
[BlackElo "2552"]

1.e4 c5 2.Nf3 Nc6 3.Bb5 e6 4.O-O Nge7 5.Re1 Nd4 6.Nxd4 cxd4 7.d3 g6 8.Nd2 Bg7
9.Nf3 O-O 10.Bd2 d6 11.c3 dxc3 12.Bxc3 Bd7 13.Bxg7 Kxg7 14.Bxd7 Qxd7 15.Qd2 Rac8
16.Rac1  1/2-1/2

[Event "Open"]
[Site "Kazimierz Dolny POL"]
[Date "2001.03.18"]
[Round "9"]
[White "Krysztofiak,M"]
[Black "Witkowski,S"]
[Result "1/2-1/2"]
[WhiteElo "2296"]
[BlackElo "2163"]

1.e4 c5 2.Nf3 Nc6 3.Bb5 Nf6 4.Nc3 g6 5.e5 Ng4 6.Bxc6 dxc6 7.h3 Nh6 8.g4 Bg7
9.d3 f5 10.exf6 exf6 11.Be3 b6 12.Qd2 Nf7 13.O-O-O O-O 14.Rdg1 Be6 15.h4 c4
16.Nd4 Bd5 17.Nxd5 Qxd5 18.h5 cxd3 19.hxg6 hxg6 20.Qxd3 Ne5 21.Qb3 Nc4 22.Rd1 Nxe3
23.Qxe3 Rfe8 24.Qb3 Qxb3 25.axb3 Rac8  1/2-1/2

[Event "Open"]
[Site "Bad Woerishofen GER"]
[Date "2001.03.21"]
[Round "7"]
[White "Glek,I"]
[Black "Horvath,P1"]
[Result "1-0"]
[WhiteElo "2551"]
[BlackElo "2396"]

1.e4 c5 2.Nf3 Nc6 3.Bb5 e6 4.O-O Nge7 5.Re1 Nd4 6.Nxd4 cxd4 7.d3 a6 8.Ba4 Nc6
9.c4 Rb8 10.Bf4 d6 11.c5 e5 12.Bg3 Qc7 13.Nd2 dxc5 14.Bxc6+ Qxc6 15.Bxe5 Bd6
16.Bxd6 Qxd6 17.e5 Qd5 18.Ne4 O-O 19.f4 b5 20.Qf3 Kh8 21.Qg3 c4 22.Nd6 c3
23.f5 cxb2 24.Rab1 Qxa2 25.e6 Bxe6 26.fxe6 fxe6 27.Qe5 Qd5 28.Qxe6 Qxe6 29.Rxe6 Kg8
30.Ree1 Rb6 31.Ne4 a5 32.Rxb2 Ra8 33.Ra1 b4 34.Ra4 Kf7 35.Nc5 Rb5 36.Nb3 Rd5
37.Rba2 Rc8 38.Rxa5 Rxa5 39.Rxa5 Rc3 40.Nxd4 Rxd3 41.Nf3  1-0